| 000 | 00354 a2200121 4500 | ||
|---|---|---|---|
| 020 | _a0070624453 (alk. paper) | ||
| 082 | _a627.23STU | ||
| 100 | _aSturm, Terry W. | ||
| 245 |
_aOpen channel hydraulics / _cTerry W. Sturm. |
||
| 260 |
_aBoston : _bMcGraw-Hill, _cc2001. |
||
| 300 |
_axiii, 493 p. : _bill. ; _c25 cm. |
||
| 650 | _aChannels (Hydraulic engineering) | ||
| 650 | _aHydraulics. | ||
| 999 |
_c2042 _d2042 |
||